Handbook of mathematical functions with formulas groups and mathematical tables (Record no. 5083)

MARC details
000 -LEADER
fixed length control field 00608nam a2200193Ia 4500
003 - CONTROL NUMBER IDENTIFIER
control field IN-BaIIA
008 - FIXED-LENGTH DATA ELEMENTS--GENERAL INFORMATION
fixed length control field 211028s9999 xx 000 0 eng d
020 ## - INTERNATIONAL STANDARD BOOK NUMBER
International Standard Book Number 486-61272-4
040 ## - CATALOGING SOURCE
Transcribing agency IIA Library
080 ## - UNIVERSAL DECIMAL CLASSIFICATION NUMBER
Universal Decimal Classification number (035)51
Item number ABR
100 ## - MAIN ENTRY--PERSONAL NAME
Personal name Milton, Abramowitz
9 (RLIN) 9050
245 #0 - TITLE STATEMENT
Title Handbook of mathematical functions with formulas groups and mathematical tables
Statement of responsibility, etc. Abramowitz Milton and Stegun Iren
260 ## - PUBLICATION, DISTRIBUTION, ETC.
Place of publication, distribution, etc. New York
Name of publisher, distributor, etc. Dover Publications
Date of publication, distribution, etc. 1972
300 ## - PHYSICAL DESCRIPTION
Extent xiv, 1046p.
650 ## - SUBJECT ADDED ENTRY--TOPICAL TERM
Topical term or geographic name entry element  Mathematical functions
9 (RLIN) 9051
650 ## - SUBJECT ADDED ENTRY--TOPICAL TERM
Topical term or geographic name entry element Mathematical tables 
9 (RLIN) 9052
700 ## - ADDED ENTRY--PERSONAL NAME
Personal name Iren, Stegun
9 (RLIN) 9053
942 ## - ADDED ENTRY ELEMENTS (KOHA)
Koha item type Books
Holdings
Withdrawn status Lost status Damaged status Not for loan Home library Current library Shelving location Date acquired Cost, normal purchase price Total Checkouts Full call number Barcode Date last seen Cost, replacement price Price effective from Koha item type Purchase Price
        IIA Library-Bangalore IIA Library-Bangalore General Stacks 23/11/1976 90.00   (035)51/ ABR 5678 05/11/2021 90.00 23/11/1976 Books Rs. 90.00

Powered by Koha